Biggest Cities in South Australia on the Map - Statistics

General Stats
  • This quiz has been taken 166 times
  • The average score is 10 of 20
Answers on the Map
Answers color-coded by a green-red scale on the quiz's map according to % correct below.
 
Answer Stats
Pop City % Correct
1.24 m Adelaide
100%
26.7 k Mount Gambier
75%
12.7 k Port Augusta
73%
14.4 k Port Lincoln
66%
16.7 k Victor Harbor
63%
13.7 k Port Pirie
59%
20.8 k Whyalla
58%
21.5 k Mount Barker
55%
17.4 k Murray Bridge
55%
28.5 k Gawler
52%
4.7 k Renmark
45%
8.7 k Goolwa
44%
4.6 k Moonta
33%
5.2 k Naracoorte
30%
4.7 k Millicent
29%
6.4 k Strathalbyn
29%
4.6 k Kadina
27%
6.2 k Nuriootpa
25%
15.7 k Crafers-Bridgewater
24%
5.0 k Nairne
17%
No matching quizzes found
Score Distribution
Percent of People with Each Score
Percentile by Number Answered
Your Score History
You have not taken this quiz